Statistics for Countries and Territories with Coins minted by the Royal Mint

Click here to take the quiz!

General Stats

  • This quiz has been taken 18 times
    (4 since last reset)
  • The average score is 174 of 184

Answer Stats

Date:Answer:% Correct
1973-1978Afghanistan
100%
1932Albania
100%
1979Algeria
100%
1955-dateAnguilla
100%
1955-dateAntigua and Barbuda
100%
1994-1995Argentina
100%
1994-2000; 2023Armenia
100%
1981-1995; 2023Ascension Island
100%
1910-1981Australia
100%
?Austria-Hungary
100%
1996-2021Azerbaijan
100%
1966-dateBahamas
100%
1965-dateBahrain
100%
1971-2007Barbados
100%
1996Belarus
100%
1885-dateBelize
100%
2010-dateBenin
100%
1959-dateBermuda
100%
1966-1999Bhutan
100%
1951Bolivia
100%
1998-dateBosnia and Herzegovina
100%
1976-2007Botswana
100%
1906-1964British East Africa
100%
1810British East Indies
100%
1600-1833British India
100%
1927-1947British Palestine
100%
1820-1822British West Indies
100%
1967-1978Brunei
100%
1934Bulgaria
100%
2010-dateBurkina Faso
100%
1968-1971Burundi
100%
1970Cambodia
100%
1858-1908Canada
100%
1984-1994Cape Verde
100%
1967Colombia
100%
1972-dateCook Islands
100%
1937-1984Costa Rica
100%
1995Cuba
100%
1879-2004Cyprus
100%
1994Czechia
100%
1991Czechoslovakia
100%
1975-1987Democratic Republic of the Congo
100%
1953-2002
Paraguay
100%
1955-dateDominica
100%
1961-dateDominican Republic
100%
1955-1986; 2023Ecuador
100%
1923-1938Egypt
100%
1970-1995El Salvador
100%
1975Equatorial Guinea
100%
2006Estonia
100%
1974-2010Eswatini
100%
1974-2011Falkland Islands
100%
1815France
100%
1966-2015Gambia
100%
2000-2006Georgia
100%
1958-1999Ghana
100%
1971-1981Gibraltar
100%
1930-1965Greece
100%
1955-dateGrenada
100%
1926-1939Guatemala
100%
1868-dateGuernsey
100%
1962-1971Guinea
100%
1977-dateGuinea-Bissau
100%
1809-dateGuyana
100%
1983-2019Haiti
100%
1813-1815Hannover
100%
1988Honduras
100%
1863-1998Hong Kong
100%
1940-2011Iceland
100%
1985-1999India
100%
1974Indonesia
100%
1819-1862Ionian Islands
100%
1930-1990Iraq
100%
1540-2002Ireland
100%
1965-1975Isle of Man
100%
2010-dateIvory Coast
100%
1869-dateJamaica
100%
1813-dateJersey
100%
1949-dateJordan
100%
1966-dateKenya
100%
1979-1998Kiribati
100%
1960-dateKuwait
100%
1923-2006Latvia
100%
1961-1980Lebanon
100%
1979-2010Lesotho
100%
1968-1990Liberia
100%
1952-2014Libya
100%
1925Lithuania
100%
1988-2004Macau
100%
1978-1988Madagascar
100%
1964-2006Malawi
100%
1967-1986Malaysia
100%
1960-2017Maldives
100%
2010-dateMali
100%
1972-2021Malta
100%
1877-dateMauritius
100%
1976-1984Mongolia
100%
1955-dateMontserrat
100%
1903-2010Morocco
100%
1975-2015Mozambique
100%
1949-1962Myanmar
100%
2010Namibia
100%
1998-1999Nauru
100%
1974-1982Nepal
100%
1981Netherlands
100%
1865-1942Newfoundland
100%
1933-dateNew Zealand
100%
1939-2007Nicaragua
100%
2010-dateNiger
100%
1959-2006Nigeria
100%
2013Niue
100%
1974-1985North Yemen
100%
1942Norway
100%
1966-dateOman
100%
1976Pakistan
100%
1962-1966Panama
100%
1975-2010Papua New Guinea
100%
1934-1941Peru
100%
1989-1997Pitcairn Islands
100%
1925-2016Poland
100%
1973-2012Qatar
100%
1922-1932Romania
100%
1969-2007Rwanda
100%
1973-1998Saint Helena
100%
1955-dateSaint Kitts and Nevis
100%
1955-dateSaint Lucia
100%
1955-dateSaint Vincent and the Grenadines
100%
1967Samoa
100%
1984-dateSão Tomé and Príncipe
100%
1928-2009Saudi Arabia
100%
1939-dateSeychelles
100%
1964-2016Sierra Leone
100%
1967Singapore
100%
1977-2007Solomon Islands
100%
1967-1984Somalia
100%
1960-1975South Vietnam
100%
1964-1984South Yemen
100%
1978Spain
100%
1815-2017Sri Lanka
100%
1976-1981Sudan
100%
1987-dateSuriname
100%
1968-1969Switzerland
100%
1971-2003Syria
100%
1966-dateTanzania
100%
1974-2015Thailand
100%
2010-dateTogo
100%
1981Tokelau
100%
1962-2005Tonga
100%
1966-dateTrinidad and Tobago
100%
1977-1999Tristan da Cunha
100%
1960-2018Tunisia
100%
1984Turkey
100%
1993-2018Turkmenistan
100%
1969-2004Turks and Caicos Islands
100%
1976-1996Tuvalu
100%
1966-1998Uganda
100%
1995Ukraine
100%
1973-2007United Arab Emirates
100%
1279-dateUnited Kingdom
100%
1953-2015Uruguay
100%
1981-2015Vanuatu
100%
1843-1986Venezuela
100%
1798Württemberg
100%
1931-1932Yugoslavia
100%
1964-2010Zambia
100%
1980-2002Zimbabwe
100%
1989-dateAlderney
50%
1994Andorra
50%
1907-1958British West Africa
50%
1972-dateCayman Islands
50%
1973-1978Ethiopia
50%
1941Faroe Islands
50%
1934-2007Fiji
50%
1944French West Africa
50%
1939-1962Malaya
50%
1948-1970Muscat and Oman
50%
1953-1962North Borneo
50%
1964-1983Philippines
50%
1984-dateSaint Helena and Ascension
50%
2010-dateSenegal
50%
1871-1962Straits Settlements
50%
1830Azores
0%
1955-1964Rhodesia and Nyasaland
0%
1773Virginia
0%

Score Distribution

Percentile by Number Answered

Percent of People with Each Score

Your Score History

You have not taken this quiz since the last reset